logo

Bir Sreshtho Munshi Abdur Rouf Library
Jhenaidah Cadet College

Planets, stars, and galaxies / (Record no. 7731)

MARC details
000 -LEADER
fixed length control field 01183cam a22003254a 4500
001 - CONTROL NUMBER
JCCL Control Number 7731
003 - CONTROL NUMBER IDENTIFIER
JCCL marc code BD-JhCC
005 - DATE AND TIME OF LATEST TRANSACTION
control field 20180213125043.0
008 - FIXED-LENGTH DATA ELEMENTS--GENERAL INFORMATION
fixed length control field 070411s2008 nyua b 001 0 eng
020 ## - INTERNATIONAL STANDARD BOOK NUMBER
International Standard Book Number 9780791089330 (hardcover)
020 ## - INTERNATIONAL STANDARD BOOK NUMBER
International Standard Book Number 0791089339 (hardcover)
035 ## - SYSTEM CONTROL NUMBER
system control number (BD-JhCC07731
035 ## - SYSTEM CONTROL NUMBER
system control number (OCoLC)123136901
040 ## - CATALOGING SOURCE
Original cataloging agency DLC
Transcribing agency DLC
Modifying agency YDX
-- BTCTA
-- BAKER
-- DLC
-- BD-JhCC
041 ## - LANGUAGE CODE
Language code of Book eng
050 00 - LIBRARY OF CONGRESS CALL NUMBER
Classification number QB461
Item number .R48 2008
082 00 - DEWEY DECIMAL CLASSIFICATION NUMBER
Classification number 523.1
DDC Edition number 22
Author mark and Year RIT 2008
100 1# - MAIN ENTRY--PERSONAL NAME
Personal name Ritter, Gordon.
245 10 - TITLE STATEMENT
Title Planets, stars, and galaxies /
Statement of responsibility, etc Gordon Ritter.
260 ## - PUBLICATION, DISTRIBUTION, ETC. (IMPRINT)
Place of publication, distribution, etc New York :
Name of publisher, distributor, etc Chelsea House,
Date of publication, distribution, etc c2008.
300 ## - PHYSICAL DESCRIPTION
Pagination 119 p. :
Other physical details ill. (some col.) ;
Dimensions 25 cm.
490 0# - SERIES STATEMENT
Series statement Physics in action
504 ## - BIBLIOGRAPHY, ETC. NOTE
Bibliography, etc Includes bibliographical references (p. 109-111) and index.
505 0# - FORMATTED CONTENTS NOTE
Formatted contents note The universe (and welcome to it!) -- The mathematics of motion -- Newton, Kepler, and gravity -- Observing the night sky -- Relativity and black holes -- The large-scale structure of the universe.
650 #0 - SUBJECT ADDED ENTRY--TOPICAL TERM
Topical term or geographic name as entry element Astrophysics.
650 #0 - SUBJECT ADDED ENTRY--TOPICAL TERM
Topical term or geographic name as entry element Cosmology.
856 41 - ELECTRONIC LOCATION AND ACCESS
Materials specified Table of contents only
Uniform Resource Identifier http://www.loc.gov/catdir/toc/ecip0715/2007015334.html
942 ## - ADDED ENTRY ELEMENTS (KOHA)
Source of classification or shelving scheme Dewey Decimal Classification
Koha item type Books
Holdings
Source of classification or shelving scheme Damaged status Not for loan Home library Current library Shelving location Total Checkouts Full call number Barcode Date last seen Copy number Koha item type
Dewey Decimal Classification     JCC Rouf Library JCC Rouf Library General Stacks   523.1 RIT 2008 992.1 02/13/2018 C -1 Books

JCC Library | Contacts | JCC Home

Last Update on 23 September 2017
Copyright @ 2017-2020 JCC Rouf Library
Rouf Library, Jhenidah Cadet College (JCC), Bangladesh